000 00293nam a2200121Ia 4500
008 151001s9999||||xx |||||||||||||| ||und||
100 _aवि वि भागवत
245 _aमोहोर
250 _a1
260 _bभागवत वि वि
260 _c1937
300 _a104
999 _c950422
_d950419